[Event "Vaxjospelen Gr 1"]
[Site "Vaxjo"]
[Date "2015.06.13"]
[Round "1"]
[White "Lindgren, Fredrik"]
[Black "Rydstrom, Tom"]
[Result "0-1"]
[WhiteElo "2249"]
[BlackElo "2279"]

1.d4 d5 2.Nf3 Nf6 3.c4 e6 4.g3 c6 5.Nbd2 Nbd7 6.Bg2 Bd6 7.O-O O-O 8.b3 e5 
9.dxe5 Nxe5 10.cxd5 cxd5 11.Bb2 Nxf3+ 12.Nxf3 Re8 13.e3 Bf5 14.Bxf6 Qxf6 
15.Qxd5 Rad8 16.Nd4 Bd3 17.Rfd1 Be2 18.Qxb7 Bxd1 19.Rxd1 Bc5 20.b4 Bb6 21.
h4 Re7 22.Qf3 Qxf3 23.Bxf3 Red7 24.Rd3 Bxd4 25.exd4 Rxd4 26.Ra3 Rd3 27.
Rxd3 Rxd3 28.Bc6 Ra3 29.Bd5 Ra4 30.b5 Rb4 31.Bc6 Rb2 32.a4 Ra2 33.Kg2 Rxa4
34.b6 Ra6 35.bxa7 Rxa7 36.g4 Kf8 37.Kg3 Ke7 38.Be4 h6 39.h5 Ra3+ 40.f3 Kf6
41.Bd5 Ke7 42.Be4 Ra4 43.Bc2 Rb4 44.Bd3 Kd6 45.Bc2 Ke5 46.Bf5 Kd4 47.Kf4 
Kd5+ 48.Kg3 Rb6 49.Bc2 Kd4 50.Be4 Ra6 51.Bb7 Ra4 52.Be4 Ke3 53.Bc6 Rf4 54.
Kg2 f5 55.Bd7 Rxf3 56.gxf5 Kf4 0-1

[Event "Vaxjospelen Gr 1"]
[Site "Vaxjo"]
[Date "2015.06.13"]
[Round "1"]
[White "Livner, Anders"]
[Black "Lekander, Rolf"]
[Result "1/2-1/2"]
[WhiteElo "2347"]
[BlackElo "2245"]

1.d4 d5 2.c4 c6 3.Nf3 Nf6 4.e3 Bf5 5.Nc3 e6 6.Nh4 Be4 7.f3 Bg6 8.Qb3 Qb6 
9.Nxg6 hxg6 10.Bd2 Nbd7 11.g3 Bd6 12.Kf2 Qxb3 13.axb3 a6 14.Kg2 O-O 15.Bd3
Rfe8 16.g4 e5 17.g5 dxc4 18.bxc4 exd4 19.exd4 Nh5 20.Be4 Nf4+ 21.Bxf4 Bxf4
22.h4 Rad8 23.Rhd1 Nb6 24.b3 Nc8 25.Rd3 Bc7 26.c5 Ne7 27.b4 f5 28.gxf6 
gxf6 29.Rdd1 Kg7 30.d5 Be5 31.dxc6 Bxc3 32.cxb7 f5 33.c6 Be5 34.Rxd8 Rxd8 
35.Rxa6 fxe4 36.fxe4 Rd2+ 37.Kf3 Rb2 38.Rb6 Rb3+ 39.Kg2 Nxc6 40.Rxc6 Rxb4 
41.Re6 Rb2+ 42.Kf3 Rb3+ 43.Kg2 Bf4 44.Re7+ Kf6 45.Rh7 Be5 46.Kf2 Bd6 47.
Kg2 Rb5 48.Kf3 Bb8 49.Rd7 Rb3+ 50.Kg2 Bf4 51.Rh7 Bd6 52.Kf2 Rb6 53.Kf3 Bb8
54.Rd7 Rb3+ 55.Kg2 Ke5 56.Rg7 Rb6 57.Kf3 Rf6+ 58.Kg4 Rb6 1/2-1/2

[Event "Vaxjospelen Gr 2"]
[Site "Vaxjo"]
[Date "2015.06.13"]
[Round "1"]
[White "Brzezinski, Adam"]
[Black "Lindborg, Patrik"]
[Result "1/2-1/2"]
[WhiteElo "2161"]
[BlackElo "2134"]

1.d4 Nf6 2.c4 g6 3.Nc3 Bg7 4.e4 d6 5.Nf3 O-O 6.Be2 Bg4 7.Be3 Nfd7 8.Rc1 c5
9.d5 Na6 10.h3 Bxf3 11.Bxf3 Nc7 12.Be2 e6 13.dxe6 Nxe6 14.Qxd6 Nd4 15.O-O 
Re8 16.Bg4 Ne5 17.Qxc5 Nd3 18.Qd5 Nxc1 19.Rxc1 h5 20.Bd1 Nc6 21.Ba4 Re5 
22.Qxd8+ Rxd8 23.a3 Re6 24.Bg5 Rd4 25.Bc2 Rd7 26.f3 a6 27.Ba4 Re5 28.h4 
Ra5 29.b4 Re5 30.Nd5 Kh7 31.b5 axb5 32.cxb5 Nd4 33.Rd1 Rdxd5 34.exd5 Rxd5 
35.Kf1 Rc5 36.Be3 Rc4 37.Bxd4 Rxd4 38.Bc2 Rxd1+ 39.Bxd1 b6 40.a4 Be5 41.
Kf2 f6 42.Ke3 Bg3 43.a5 bxa5 44.f4 g5 45.hxg5 fxg5 46.fxg5 Kg6 47.Kd4 Kxg5
48.Kc5 h4 49.b6 h3 50.gxh3 1/2-1/2

[Event "Vaxjospelen Gr 2"]
[Site "Vaxjo"]
[Date "2015.06.13"]
[Round "1"]
[White "Drugge, Patrick"]
[Black "Eriksson, Kristian"]
[Result "1/2-1/2"]
[WhiteElo "2175"]
[BlackElo "2165"]

1.e4 e5 2.Nf3 Nc6 3.Bc4 Nf6 4.Ng5 d5 5.exd5 Na5 6.Bb5+ c6 7.dxc6 bxc6 8.
Qf3 Be7 9.Bxc6+ Nxc6 10.Qxc6+ Bd7 11.Qc4 O-O 12.Nc3 Rc8 13.Qe2 h6 14.Nf3 
e4 15.Nxe4 Nxe4 16.Qxe4 Bb5 17.d4 Bb4+ 18.c3 Rxc3 19.bxc3 Bxc3+ 20.Kd1 Re8
21.Qc2 Be2+ 22.Qxe2 Rxe2 23.Kxe2 Qe8+ 24.Kd3 Bxa1 25.Ne5 Qa4 26.Be3 Qxa2 
27.Rc1 Bb2 28.Rc7 f6 29.Nc6 Qb3+ 30.Ke4 Qe6+ 31.Kd3 Qb3+ 32.Ke4 1/2-1/2

[Event "Vaxjospelen Gr 3"]
[Site "Vaxjo"]
[Date "2015.06.13"]
[Round "1"]
[White "Gillefalk, Bjorn"]
[Black "Nilsson, Patrik"]
[Result "0-1"]
[WhiteElo "2114"]
[BlackElo "2138"]

1.d4 f5 2.g3 g6 3.Bg2 Bg7 4.Nf3 Nf6 5.O-O O-O 6.c4 d6 7.Nc3 Nc6 8.d5 Ne5 
9.Nxe5 dxe5 10.e4 f4 11.gxf4 exf4 12.Ne2 g5 13.f3 Nd7 14.Qb3 Nc5 15.Qa3 
Qd6 16.Bd2 Qb6 17.Ba5 Bxb2 18.Bxb6 Bxa3 19.Bxc7 Nd3 20.h4 Bc5+ 21.Kh2 Bd7 
22.hxg5 Rac8 23.Ba5 Be3 24.Bc3 Rxc4 25.Rab1 b6 26.Bh3 Bxh3 27.Kxh3 Rfc8 
28.Rb3 Kf7 29.e5 Kg6 30.Kg4 h6 31.gxh6 Rh8 32.Ba1 Nc5 33.Ra3 Rxh6 34.Rxa7 
Rc2 35.Nxf4+ Bxf4 36.Kxf4 Rh4+ 37.Ke3 Rhh2 38.f4 Rce2+ 39.Kf3 Ne4 40.Rg1+ 
Kf5 41.Bd4 Rd2 0-1

[Event "Vaxjospelen Gr 3"]
[Site "Vaxjo"]
[Date "2015.06.13"]
[Round "1"]
[White "Karlsson, Jorgen"]
[Black "Ollen, Martin"]
[Result "1-0"]
[WhiteElo "2178"]
[BlackElo "2038"]

1.Nc3 g6 2.d4 Bg7 3.Bg5 c5 4.e3 cxd4 5.exd4 Qb6 6.Nf3 Nc6 7.Be3 Nh6 8.Bc4 
Nf5 9.Nd5 Qa5+ 10.Bd2 Qd8 11.c3 O-O 12.g4 Nd6 13.Bd3 e6 14.Ne3 b5 15.Qe2 
b4 16.h4 f5 17.g5 bxc3 18.bxc3 Ne4 19.Rb1 Qa5 20.Nc4 Qxa2 21.O-O d5 22.Ra1
Qb3 23.Rfb1 Nxc3 24.Rxb3 Nxe2+ 25.Bxe2 dxc4 26.Bxc4 Nxd4 27.Nxd4 Bxd4 28.
Re1 Rd8 29.Bf4 Kf7 30.Bc7 Rh8 31.Rd1 Bc5 32.Be5 Rf8 33.Bb5 a5 34.Rc3 Bb6 
35.Rd6 Bd8 36.Rdc6 Bd7 37.Rc7 Bxc7 38.Rxc7 Rfc8 39.Rxd7+ Kf8 40.Rxh7 a4 
41.h5 gxh5 42.g6 a3 43.Bf6 1-0

[Event "Vaxjospelen Gr 4"]
[Site "Vaxjo"]
[Date "2015.06.13"]
[Round "1"]
[White "Svensson, Anders"]
[Black "Karlsson, Ulf"]
[Result "1/2-1/2"]
[WhiteElo "2133"]
[BlackElo "2043"]

1.e4 c5 2.Nf3 Nc6 3.Bb5 e6 4.Bxc6 bxc6 5.O-O Ne7 6.b3 Ng6 7.Bb2 d6 8.d3 e5
9.Nbd2 Be7 10.Nc4 O-O 11.Ne3 Be6 12.Qd2 Qd7 13.Rad1 Nf4 14.Ne1 Bg5 15.c3 
f5 16.exf5 Bxf5 17.Qc2 Bg6 18.Kh1 Bh5 19.f3 Bg6 20.Qf2 Rae8 21.Bc1 Ne6 22.
Nc4 Bd8 23.Nc2 Bc7 24.Rfe1 Nf4 25.Bxf4 Rxf4 26.Qd2 Qf7 27.Qe3 Bh5 28.Nd2 
Rf8 29.Re2 Ba5 30.c4 Bxd2 31.Rdxd2 g5 32.h3 Bg6 33.Ne1 h5 34.Kh2 Kg7 35.
Rb2 Qd7 36.a3 g4 37.fxg4 hxg4 38.g3 Rd4 39.h4 e4 40.dxe4 Rxe4 41.Qc3+ Kh7 
42.Ng2 Rf3 43.Qe1 Qe7 1/2-1/2

[Event "Vaxjospelen Gr 4"]
[Site "Vaxjo"]
[Date "2015.06.13"]
[Round "1"]
[White "Ekelund, Peter"]
[Black "Neretljak, Nedzad"]
[Result "0-1"]
[WhiteElo "2245"]
[BlackElo "2040"]

1.Nf3 c5 2.g3 Nc6 3.Bg2 e5 4.d3 d5 5.O-O Be7 6.c3 Bf6 7.Nbd2 Nge7 8.e4 d4 
9.cxd4 Nxd4 10.Nxd4 Qxd4 11.Nc4 Qd7 12.Be3 b6 13.f4 Nc6 14.a4 O-O 15.Qb3 
Rd8 16.Rad1 Nd4 17.Qa2 Ne2+ 18.Kf2 exf4 19.gxf4 Nd4 20.e5 Bh4+ 21.Kg1 Bb7 
22.b4 Qg4 23.Bxd4 Rxd4 24.Ne3 Qg6 25.bxc5 bxc5 26.e6 fxe6 27.f5 Qg5 28.
Qxe6+ Kh8 29.Kh1 Bxg2+ 30.Nxg2 Rad8 31.Nxh4 Rxh4 32.f6 gxf6 33.Rxf6 Rxh2+ 
34.Kxh2 Qh5+ 35.Qh3 Qxd1 36.Rf3 Rg8 37.Rf1 Qxa4 38.Qf3 Qh4+ 39.Qh3 Qd4 40.
Qf5 Qh4+ 41.Qh3 Qxh3+ 42.Kxh3 Rd8 43.Rd1 Rd4 44.Rc1 Rxd3+ 45.Kg4 Rd5 46.
Kf4 a5 47.Ke4 Rg5 48.Kd3 Kg7 49.Kc4 h5 50.Kb5 h4 51.Kxa5 Kh6 52.Kb5 Kh5 
53.Kc4 h3 54.Kd3 Kh4 55.Ke3 h2 56.Kf2 Rg1 0-1

[Event "Vaxjospelen Gr 5"]
[Site "Vaxjo"]
[Date "2015.06.13"]
[Round "1"]
[White "Goransson, Martin"]
[Black "Akvist, Hakan"]
[Result "0-1"]
[WhiteElo "2012"]
[BlackElo "2085"]

1.c4 c5 2.g3 Nc6 3.Bg2 g6 4.Nf3 Bg7 5.O-O e5 6.Nc3 Nge7 7.Ne1 O-O 8.Nc2 d6
9.Ne3 Be6 10.Ned5 Qd7 11.a3 Bh3 12.Bxh3 Qxh3 13.b4 Nxd5 14.Nxd5 e4 15.Rb1 
Ne5 16.Nf4 Qf5 17.Qc2 Rac8 18.Nd5 Rfe8 19.Ne3 Qh5 20.Qxe4 Qxe2 21.Qxb7 
cxb4 22.Qd5 Rc5 23.Qxd6 Nf3+ 24.Kg2 Rh5 25.h4 Nd4 26.Rxb4 Qf3+ 27.Kg1 Be5 
0-1

[Event "Vaxjospelen Gr 5"]
[Site "Vaxjo"]
[Date "2015.06.13"]
[Round "1"]
[White "Bengtsson, Tage"]
[Black "Pantano Tomaz, Tainan"]
[Result "0-1"]
[WhiteElo "2090"]
[BlackElo "2039"]

1.d4 Nf6 2.c4 e6 3.Nf3 Bb4+ 4.Bd2 Qe7 5.g3 Nc6 6.Bg2 Bxd2+ 7.Nbxd2 d6 8.
O-O O-O 9.Qb3 a5 10.Rac1 a4 11.Qa3 Re8 12.e4 e5 13.d5 Nb8 14.b4 Bd7 15.Ne1
Na6 16.Nd3 c6 17.Qb2 Nc7 18.dxc6 bxc6 19.Rfe1 c5 20.bxc5 dxc5 21.f4 Rab8 
22.Qxe5 Ne6 23.Nf3 Bc6 24.Nf2 Qb7 25.Qa1 Nxe4 26.Rb1 Qa8 27.Rxb8 Rxb8 28.
Ne5 Nxf2 29.Nxc6 Nh3+ 30.Kf1 Qa6 31.Qc3 Re8 32.Ne5 Nhxf4 33.gxf4 Nxf4 34.
Bd5 Nxd5 35.Qg3 f6 36.Qd3 Nf4 37.Qd7 Rf8 0-1

[Event "Vaxjospelen Gr 6"]
[Site "Vaxjo"]
[Date "2015.06.13"]
[Round "1"]
[White "Liedbeck, Patrik"]
[Black "Gromark, Per-Olof"]
[Result "0-1"]
[WhiteElo "1986"]
[BlackElo "2017"]

1.e4 e5 2.Nf3 Nc6 3.Bc4 Nf6 4.Ng5 d5 5.exd5 Na5 6.Bb5+ c6 7.dxc6 bxc6 8.
Be2 h6 9.Nf3 e4 10.Ne5 Bd6 11.d4 exd3 12.Nxd3 Qc7 13.Nc3 O-O 14.h3 Bf5 15.
O-O Rfe8 16.b3 Rad8 17.Bd2 Nb7 18.Re1 Nc5 19.Bf1 Rxe1 20.Bxe1 Nxd3 21.Bxd3
Bxd3 22.cxd3 Be5 23.Qf3 Rd4 24.Rd1 Rf4 25.Qe2 Bd4 26.g3 Rf5 27.Kg2 c5 28.
Ne4 Qc6 29.f3 Nd5 30.Bf2 Qg6 31.Kh2 Re5 32.Bxd4 cxd4 33.Qb2 Nc3 34.Rc1 Qe6
35.f4 Rh5 36.Qg2 Nxa2 37.Ra1 Nb4 38.g4 Rb5 39.Rxa7 Nxd3 40.Ra8+ Kh7 41.Nd2
Nxf4 42.Qf1 Qe5 43.Nf3 Qd5 44.Ra4 Rxb3 45.Rxd4 Qxf3 46.Rxf4 Rb2+ 0-1

[Event "Vaxjospelen Gr 6"]
[Site "Vaxjo"]
[Date "2015.06.13"]
[Round "1"]
[White "Petersson, Kjell"]
[Black "Frisk, Hans"]
[Result "1-0"]
[WhiteElo "2115"]
[BlackElo "2013"]

1.f4 e5 2.fxe5 Nc6 3.Nc3 Nxe5 4.d4 Ng6 5.e4 Bb4 6.Nf3 d5 7.Bd3 N8e7 8.O-O 
O-O 9.Be3 Bxc3 10.bxc3 dxe4 11.Bxe4 Nd5 12.Bd2 Re8 13.Bd3 Ne3 14.Bxe3 Rxe3
15.Qd2 Re8 16.Ng5 Be6 17.Nxe6 Rxe6 18.Bc4 Rf6 19.Rxf6 gxf6 20.Qh6 Qf8 21.
Qh3 Qd6 22.Bxf7+ Kg7 23.Bb3 Re8 24.Rf1 c5 25.Qg4 h5 26.Qf3 cxd4 27.Qxb7+ 
Re7 28.Qc8 Rc7 29.Qg8+ Kh6 30.Bf7 Rxf7 31.Qxf7 Kg5 32.Qxa7 Nf4 33.Qg7+ Ng6
34.g3 dxc3 35.h4+ Kg4 36.Qxg6+ Kh3 37.Qf5+ Kxg3 38.Rf3+ Kxh4 39.Rh3# 1-0

[Event "Vaxjospelen Gr 1"]
[Site "Vaxjo"]
[Date "2015.06.14"]
[Round "2"]
[White "Lindgren, Fredrik"]
[Black "Livner, Anders"]
[Result "1/2-1/2"]
[WhiteElo "2249"]
[BlackElo "2347"]

1.d4 d5 2.Nf3 Nf6 3.c4 dxc4 4.g3 c5 5.Bg2 Nc6 6.Qa4 cxd4 7.Nxd4 Qxd4 8.
Bxc6+ Bd7 9.Bxd7+ Qxd7 10.Qxc4 Rc8 11.Qf4 Nd5 12.Qd2 Qh3 13.Nc3 Nxc3 14.
bxc3 Qg2 15.Rf1 Qc6 16.Bb2 e6 17.f4 Bc5 18.Rf3 O-O 19.O-O-O b5 20.Kb1 Bb6 
21.Qc2 Qc4 22.Rfd3 Rc6 23.Qb3 h5 24.Qxc4 Rxc4 25.Kc2 Rfc8 26.a3 Re4 27.Kd2
Kh7 28.e3 Rc5 29.Ke2 Kg6 30.Kf3 Rcc4 31.h3 Bc5 32.Bc1 Ra4 33.Rd7 Rec4 34.
Rb7 Rxc3 35.Rdd7 Rxc1 36.Rxf7 Bd4 37.f5+ exf5 38.exd4 Rc3+ 39.Ke2 Rxd4 40.
Rxg7+ Kf6 41.Rgf7+ Kg6 42.Rg7+ Kf6 43.Rgf7+ Kg6 44.Rg7+ Kf6 1/2-1/2

[Event "Vaxjospelen Gr 1"]
[Site "Vaxjo"]
[Date "2015.06.14"]
[Round "2"]
[White "Rydstrom, Tom"]
[Black "Lekander, Rolf"]
[Result "1-0"]
[WhiteElo "2279"]
[BlackElo "2245"]

1.e4 c5 2.Nf3 d6 3.d4 cxd4 4.Nxd4 Nf6 5.Nc3 a6 6.Bg5 Nbd7 7.Qe2 Qa5 8.Bd2 
Qb6 9.Nb3 e6 10.g4 Nc5 11.f4 Be7 12.O-O-O O-O 13.Bg2 Nxb3+ 14.axb3 Nd7 15.
g5 Re8 16.Rhf1 Qc7 17.f5 Ne5 18.f6 Bf8 19.fxg7 Bxg7 20.Qh5 Bd7 21.Bf4 Bb5 
22.Bxe5 Bxe5 23.Rf3 Rac8 24.Rd2 Re7 25.Rdf2 Be8 26.Qh4 Qa5 27.Kb1 Rxc3 28.
bxc3 Bxc3 29.Rxc3 Qxc3 30.g6 hxg6 31.Rf3 Qc7 32.Rh3 f5 33.Qh8+ Kf7 34.Rh7#
1-0

[Event "Vaxjospelen Gr 2"]
[Site "Vaxjo"]
[Date "2015.06.14"]
[Round "2"]
[White "Brzezinski, Adam"]
[Black "Drugge, Patrick"]
[Result "1-0"]
[WhiteElo "2161"]
[BlackElo "2175"]

1.d4 d5 2.c4 e6 3.Nc3 c5 4.cxd5 cxd4 5.Qa4+ Bd7 6.Qxd4 exd5 7.Nf3 Nc6 8.
Qd1 Bc5 9.g3 Nf6 10.Bg2 d4 11.Na4 Bb4+ 12.Bd2 Qe7 13.b3 Ne4 14.Bxb4 Qxb4+ 
15.Nd2 Nc3 16.Nxc3 dxc3 17.Ne4 O-O 18.O-O Bf5 19.a3 Qa5 20.b4 Qe5 21.Qd6 
Bxe4 22.Qxe5 Nxe5 23.Bxe4 Rab8 24.Rac1 Rfc8 25.f4 Nc4 26.Rxc3 Nd6 27.Rxc8+
Rxc8 28.Bd3 Rc3 29.Rd1 Kf8 30.a4 Ke7 31.Kf2 b6 32.a5 b5 33.Ke3 a6 34.Kd4 
Rc7 35.Rd2 Nc4 36.Rc2 Rd7+ 37.Ke4 f5+ 38.Kf3 Rd4 39.Bxf5 Nd6 40.Bd3 Rxb4 
41.Rc6 Ra4 42.Rxa6 Ra3 43.Ra7+ Kf6 44.a6 b4 45.Rb7 b3 46.Rb6 Ke7 47.Bxh7 
Nc4 48.Rb7+ Kd6 49.Bd3 b2 50.Kf2 Kd5 51.Bxc4+ Kxc4 52.Rxb2 Rxa6 53.Rd2 1-0

[Event "Vaxjospelen Gr 2"]
[Site "Vaxjo"]
[Date "2015.06.14"]
[Round "2"]
[White "Lindborg, Patrik"]
[Black "Eriksson, Kristian"]
[Result "1-0"]
[WhiteElo "2134"]
[BlackElo "2165"]

1.d4 Nf6 2.c4 e6 3.Nf3 b6 4.g3 Bb7 5.Bg2 g6 6.O-O Bg7 7.Nc3 O-O 8.d5 d6 9.
dxe6 fxe6 10.Bh3 e5 11.Ng5 Qe7 12.Nd5 Nxd5 13.cxd5 Bc8 14.Bxc8 Rxc8 15.Ne4
h6 16.Be3 Nd7 17.Rc1 Nc5 18.Qc2 Kh7 19.h4 Nxe4 20.Qxe4 h5 21.Rc2 Rf8 22.
Rfc1 Rac8 23.Kg2 Rf7 24.g4 hxg4 25.h5 Kg8 26.hxg6 Rff8 27.Qxg4 Rfe8 28.Bg5
Bf6 29.Bxf6 Qxf6 30.Rxc7 Rxc7 31.Rxc7 e4 32.Qh5 1-0

[Event "Vaxjospelen Gr 3"]
[Site "Vaxjo"]
[Date "2015.06.14"]
[Round "2"]
[White "Gillefalk, Bjorn"]
[Black "Karlsson, Jorgen"]
[Result "1/2-1/2"]
[WhiteElo "2114"]
[BlackElo "2178"]

1.d4 g6 2.e4 Bg7 3.Nc3 a6 4.f4 b5 5.a3 d6 6.Nf3 Nd7 7.e5 c5 8.e6 fxe6 9.
Ng5 Bxd4 10.Nxe6 Bxc3+ 11.bxc3 Qa5 12.Bd2 Ndf6 13.Qf3 Rb8 14.c4 Qb6 15.f5 
gxf5 16.Ng7+ Kf7 17.Nxf5 Qb7 18.Qxb7 Rxb7 19.Ng3 h5 20.Bd3 h4 21.Ne4 bxc4 
22.Ng5+ Kg7 23.Bxc4 Nh6 24.Bxa6 Ra7 25.Bxc8 Rxc8 26.O-O d5 27.Rae1 Rc6 28.
Ne6+ Kh7 29.Nf8+ Kg7 30.Ne6+ Kh7 31.Nf8+ Kg7 1/2-1/2

[Event "Vaxjospelen Gr 3"]
[Site "Vaxjo"]
[Date "2015.06.14"]
[Round "2"]
[White "Nilsson, Patrik"]
[Black "Ollen, Martin"]
[Result "0-1"]
[WhiteElo "2138"]
[BlackElo "2038"]

1.e4 d6 2.d4 g6 3.Nc3 Bg7 4.f4 a6 5.Nf3 b5 6.a3 Nd7 7.Be3 Bb7 8.Bd3 Nh6 9.
h3 Nb6 10.O-O Nc4 11.Bxc4 bxc4 12.f5 gxf5 13.Nh4 e6 14.Qh5 Ng8 15.exf5 Nf6
16.Qe2 O-O 17.Bg5 h6 18.fxe6 Qe7 19.exf7+ Qxf7 20.Bd2 Rae8 21.Qf2 Qh5 22.
Qg3 Ne4 23.Nxe4 Bxe4 24.c3 Rxf1+ 25.Rxf1 Kh7 26.Qg4 Qxg4 27.hxg4 Bd5 28.
Re1 Rxe1+ 29.Bxe1 Bf6 30.Nf3 Be6 31.Kf2 Bxg4 32.Bd2 Kg6 33.Kg3 h5 34.Nh4+ 
Kf7 35.Nf3 Ke6 36.Kf4 Kd5 37.Ng5 Bxg5+ 38.Kxg5 Ke4 39.Kg6 Kd3 40.Bg5 Kc2 
41.Bd8 Kxb2 42.Bxc7 Kxc3 43.d5 Kd4 44.Bxd6 Kxd5 0-1

[Event "Vaxjospelen Gr 4"]
[Site "Vaxjo"]
[Date "2015.06.14"]
[Round "2"]
[White "Svensson, Anders"]
[Black "Ekelund, Peter"]
[Result "1-0"]
[WhiteElo "2133"]
[BlackElo "2245"]

1.e4 c5 2.Nf3 e6 3.d4 cxd4 4.Nxd4 a6 5.Bd3 Bc5 6.Nb3 Be7 7.O-O d6 8.Nc3 
Nf6 9.f4 Nc6 10.Bd2 O-O 11.Qf3 Nd7 12.Rae1 Bf6 13.Kh1 g6 14.Qh3 b5 15.a3 
Nb6 16.Nd1 e5 17.f5 d5 18.exd5 Nxd5 19.Nc3 Nxc3 20.Bxc3 Nd4 21.Nxd4 exd4 
22.Bb4 Re8 23.Qf3 Rxe1 24.Bxe1 1-0

[Event "Vaxjospelen Gr 4"]
[Site "Vaxjo"]
[Date "2015.06.14"]
[Round "2"]
[White "Karlsson, Ulf"]
[Black "Neretljak, Nedzad"]
[Result "0-1"]
[WhiteElo "2043"]
[BlackElo "2040"]

1.e4 c6 2.d4 d5 3.Nc3 dxe4 4.Nxe4 Nf6 5.Nxf6+ gxf6 6.Nf3 Qc7 7.Be3 Bg4 8.
Be2 Nd7 9.Nh4 Bxe2 10.Qxe2 O-O-O 11.O-O e6 12.c4 Rg8 13.Rac1 f5 14.d5 Kb8 
15.f4 Nf6 16.Bd4 Ne4 17.Be5 Bd6 18.Bxd6 Qxd6 19.dxc6 Qc5+ 20.Kh1 Rd2 21.
Qh5 Qxc6 22.Qxf7 Rg4 23.Qf8+ Kc7 24.b4 Ng3+ 25.Kg1 Nxf1 26.Kxf1 Rxf4+ 27.
Kg1 Rxh4 28.Qg7+ Kc8 0-1

[Event "Vaxjospelen Gr 5"]
[Site "Vaxjo"]
[Date "2015.06.14"]
[Round "2"]
[White "Goransson, Martin"]
[Black "Bengtsson, Tage"]
[Result "0-1"]
[WhiteElo "2012"]
[BlackElo "2090"]

1.c4 f5 2.g3 Nf6 3.Bg2 c6 4.Nf3 g6 5.O-O Bg7 6.Nc3 O-O 7.d3 Na6 8.e4 d6 9.
Ng5 h6 10.Nf3 fxe4 11.dxe4 e5 12.Qe2 Nc5 13.Rd1 Bg4 14.h3 Bxf3 15.Bxf3 Ne6
16.Be3 c5 17.Nd5 Nxd5 18.Rxd5 Qf6 19.Bg2 Nf4 20.Qd2 Nxd5 21.Qxd5+ Rf7 22.
Rd1 Bf8 23.h4 Kg7 24.Bh3 h5 25.Rd2 Rc7 26.Bg5 Qf3 27.Rd3 Qxf2+ 28.Kh1 Rf7 
29.Bg2 Re8 30.Kh2 Qxb2 31.Bh6+ Kg8 32.Rf3 Re7 33.Bg5 Kg7 34.Bh6+ Kg8 35.
Bg5 Kg7 36.Bh6+ Kg8 37.Bg5 Rc7 38.Qe6 Kg7 39.Bh6+ Kxh6 40.Rxf7 Rxf7 41.
Qxf7 Bg7 42.a4 Qa2 43.Kh3 Qxa4 44.Bf3 Qa1 45.g4 Qf1+ 46.Kg3 Qe1+ 47.Kh3 
Qf1+ 48.Kg3 Qg1+ 49.Kh3 hxg4+ 50.Bxg4 Qh1+ 51.Kg3 Qxe4 52.Qe6 Qf4+ 53.Kh3 
Qf6 54.Qe8 Qf1+ 55.Kg3 e4 56.h5 Be5+ 0-1

[Event "Vaxjospelen Gr 5"]
[Site "Vaxjo"]
[Date "2015.06.14"]
[Round "2"]
[White "Akvist, Hakan"]
[Black "Pantano Tomaz, Tainan"]
[Result "1/2-1/2"]
[WhiteElo "2085"]
[BlackElo "2039"]

1.d4 Nf6 2.Nf3 e6 3.Bg5 h6 4.Bh4 b6 5.Nbd2 Bb7 6.e3 Be7 7.Bd3 d6 8.Qe2 g5 
9.Bg3 g4 10.Nh4 h5 11.h3 Nc6 12.O-O-O Qd7 13.c3 O-O-O 14.e4 Kb8 15.f4 gxh3
16.gxh3 Rhg8 17.Bf2 Rg7 18.Rhg1 Rdg8 19.Nhf3 Qd8 20.Bh4 Rxg1 21.Rxg1 Rxg1+
22.Nxg1 Qg8 23.Ngf3 Nd7 24.Qf2 Bf8 25.Kc2 Ne7 26.Nf1 Ng6 27.Bg3 Bh6 28.Nh4
e5 29.fxe5 dxe5 30.Qf5 Qe8 31.Qxh5 Bf4 32.Nxg6 Nf6 33.Qh8 fxg6 34.Qxe8+ 
Nxe8 35.dxe5 Bh6 36.Nd2 Bc8 37.Bf1 Ng7 38.Nf3 Bd7 39.Nd4 Kb7 40.Bg2 Kc8 
41.b3 Nh5 42.Bh2 Nf4 43.Bxf4 Bxf4 44.e6 Be8 45.Bf3 c5 46.Ne2 Be5 47.Kd3 
Kc7 48.Bg4 Kd6 49.Ng1 Bf4 50.Nf3 b5 51.c4 b4 52.Ne1 Bc6 53.Nf3 1/2-1/2

[Event "Vaxjospelen Gr 6"]
[Site "Vaxjo"]
[Date "2015.06.14"]
[Round "2"]
[White "Liedbeck, Patrik"]
[Black "Petersson, Kjell"]
[Result "1/2-1/2"]
[WhiteElo "1986"]
[BlackElo "2115"]

1.e4 c5 2.Nf3 d6 3.d4 cxd4 4.Nxd4 Nf6 5.Nc3 g6 6.Be3 Bg7 7.f3 O-O 8.Qd2 
Nc6 9.O-O-O d5 10.exd5 Nxd5 11.Nxc6 bxc6 12.Bd4 Bxd4 13.Qxd4 Qb6 14.Nxd5 
cxd5 15.Qxb6 axb6 16.a3 e6 17.Rd4 Ba6 18.Bxa6 Rxa6 19.Rhd1 Rc8 20.R1d3 Kg7
21.Kd2 Kf6 22.Rc3 Rc5 23.Rb4 Rxc3 24.Kxc3 Ke7 25.Kd3 Kd6 26.c4 dxc4+ 27.
Kxc4 Kc6 28.Kd4 Ra5 29.Rc4+ Kd6 30.Rc8 h5 31.Rd8+ Kc6 32.Rf8 Rf5 33.Ke4 g5
34.g3 f6 35.f4 gxf4 36.gxf4 Kd6 37.Rd8+ Kc7 38.Re8 Kd7 39.Rf8 Kd6 40.b4 b5
41.Rf7 Kc6 42.h3 Kd6 43.Ra7 Rd5 44.Ra6+ Ke7 45.Rb6 Kd7 1/2-1/2

[Event "Vaxjospelen Gr 6"]
[Site "Vaxjo"]
[Date "2015.06.14"]
[Round "2"]
[White "Gromark, Per-Olof"]
[Black "Frisk, Hans"]
[Result "1/2-1/2"]
[WhiteElo "2017"]
[BlackElo "2013"]

1.Nf3 Nc6 2.d4 d5 3.g3 Bf5 4.Bg2 e6 5.O-O Nf6 6.c3 Be7 7.Bg5 h6 8.Bxf6 
Bxf6 9.Nbd2 O-O 10.Re1 Re8 11.e4 dxe4 12.Nxe4 Be7 13.b4 a6 14.a4 Bf8 15.
Qe2 e5 16.Qc4 exd4 17.Nxd4 Nxd4 18.cxd4 Be6 19.Qc3 Bd5 20.f3 c6 21.Nc5 
Rxe1+ 22.Rxe1 b6 23.Nd3 a5 24.bxa5 Rxa5 25.Nb4 Rxa4 26.Nxc6 Bxc6 27.Qxc6 
Qxd4+ 28.Kh1 Ra1 29.Qe8 Qc3 30.Rg1 Rxg1+ 31.Kxg1 Qc5+ 32.Kf1 b5 33.f4 b4 
34.Qe5 b3 35.Qxc5 Bxc5 36.Be4 g6 37.Ke2 Kg7 38.h3 f5 39.Bd3 h5 40.Kf3 Kf6 
41.g4 fxg4+ 42.hxg4 hxg4+ 43.Kxg4 1/2-1/2

[Event "Vaxjospelen Gr 1"]
[Site "Vaxjo"]
[Date "2015.06.14"]
[Round "3"]
[White "Livner, Anders"]
[Black "Rydstrom, Tom"]
[Result "0-1"]
[WhiteElo "2347"]
[BlackElo "2279"]

1.d4 Nf6 2.c4 c6 3.Nf3 d5 4.e3 e6 5.Bd3 Nbd7 6.O-O Bd6 7.Nc3 O-O 8.e4 e5 
9.cxd5 cxd5 10.exd5 exd4 11.Nxd4 Ne5 12.Be2 h6 13.h3 Bb4 14.Nf3 Ng6 15.Bc4
a6 16.Bb3 Ne7 17.Qd4 Bxc3 18.bxc3 Nexd5 19.Rd1 Be6 20.Ba3 Re8 21.c4 Nb6 
22.Qf4 Nbd7 23.Bd6 Rc8 24.Nd4 Qa5 25.Nxe6 Rxe6 26.c5 Re4 27.Qf5 Qd8 28.
Rac1 Qe8 29.Bc2 Re6 30.Qf3 Ne4 31.Ba4 Nxd6 32.cxd6 Rxc1 33.Rxc1 b5 34.Bb3 
Rxd6 35.Qb7 Kh7 36.g3 Qe2 37.Bxf7 Rf6 38.Bd5 Qxf2+ 39.Kh1 Ne5 40.Qb8 Nf7 
41.h4 Qe2 42.Qb7 Nd6 43.Qa8 Qe5 44.Rd1 Rf2 45.Bg8+ Kg6 46.Rxd6+ Qxd6 47.
Qe8+ Kf5 48.Qf7+ Qf6 49.Qd5+ Kg4 50.Qe4+ 0-1

[Event "Vaxjospelen Gr 1"]
[Site "Vaxjo"]
[Date "2015.06.14"]
[Round "3"]
[White "Lekander, Rolf"]
[Black "Lindgren, Fredrik"]
[Result "1/2-1/2"]
[WhiteElo "2245"]
[BlackElo "2249"]

1.d4 d6 2.g3 g6 3.Bg2 Bg7 4.Nf3 Nf6 5.O-O O-O 6.c4 Nc6 7.Nc3 Nd7 8.Bg5 h6 
9.Be3 e5 10.b3 f5 11.dxe5 dxe5 12.Rc1 f4 13.Qd5+ Kh7 14.Bc5 Ne7 15.Bxe7 
1/2-1/2

[Event "Vaxjospelen Gr 2"]
[Site "Vaxjo"]
[Date "2015.06.14"]
[Round "3"]
[White "Drugge, Patrick"]
[Black "Lindborg, Patrik"]
[Result "1-0"]
[WhiteElo "2175"]
[BlackElo "2134"]

1.e4 c5 2.Nc3 Nc6 3.g3 g6 4.Bg2 Bg7 5.d3 d6 6.f4 e6 7.Nf3 Nge7 8.O-O O-O 
9.Be3 b6 10.d4 Ba6 11.Re1 Qc7 12.a4 Na5 13.Bf2 Rac8 14.dxc5 bxc5 15.e5 
Rfd8 16.Qc1 dxe5 17.fxe5 Nc4 18.Qf4 Nd5 19.Nxd5 exd5 20.Bh3 Rb8 21.b3 Nb6 
22.a5 Nd7 23.Rad1 Nf8 24.e6 Qxf4 25.gxf4 Nxe6 26.Bxe6 fxe6 27.Bxc5 Rbc8 
28.b4 Rc6 29.Ng5 Bc8 30.Bxa7 h6 31.b5 Rxc2 32.Nxe6 Bxe6 33.Rxe6 d4 34.Bb6 
Rf8 35.a6 Rxf4 36.a7 Rf8 37.Bxd4 Bxd4+ 38.Rxd4 Rb2 39.b6 Rc8 40.Rxg6+ Kf7 
41.Rgd6 1-0

[Event "Vaxjospelen Gr 2"]
[Site "Vaxjo"]
[Date "2015.06.14"]
[Round "3"]
[White "Eriksson, Kristian"]
[Black "Brzezinski, Adam"]
[Result "1-0"]
[WhiteElo "2165"]
[BlackElo "2161"]

1.e4 e6 2.d4 d5 3.Nc3 Bb4 4.e5 b6 5.Bd2 Nc6 6.Nf3 Bb7 7.Bd3 Qd7 8.O-O 
O-O-O 9.Ne2 f5 10.a4 a6 11.c3 Bf8 12.b4 Nb8 13.Qc2 h6 14.Nf4 Ne7 15.Rfc1 
g5 16.Nh5 Ng8 17.c4 g4 18.Nh4 dxc4 19.Bxc4 Rh7 20.Nxf5 Nc6 21.b5 exf5 22.
bxc6 Qxc6 23.Qxf5+ Kb8 24.d5 Qd7 25.e6 Qe7 26.Bf4 Rg7 27.Nxg7 Bxg7 28.Rab1
Rf8 29.Qxg4 Nf6 30.Qh4 Nxd5 31.Bxc7+ Qxc7 32.Bxd5 Qd6 33.Bxb7 Kxb7 34.Qe4+
Ka7 35.Rc6 1-0

[Event "Vaxjospelen Gr 3"]
[Site "Vaxjo"]
[Date "2015.06.14"]
[Round "3"]
[White "Karlsson, Jorgen"]
[Black "Nilsson, Patrik"]
[Result "1-0"]
[WhiteElo "2178"]
[BlackElo "2138"]

1.Nc3 d5 2.d4 e6 3.Nf3 c5 4.Bg5 Be7 5.h4 h6 6.Bxe7 Qxe7 7.e4 Nf6 8.Bb5+ 
Bd7 9.Bxd7+ Nbxd7 10.exd5 exd5+ 11.Qe2 Qxe2+ 12.Kxe2 O-O 13.Rhe1 cxd4 14.
Nxd4 Ne5 15.f3 Rfc8 16.Rad1 Nc4 17.b3 Nd6 18.Kd2 Rc5 19.Re3 Rac8 20.Nce2 
b5 21.Nf4 a5 22.Re7 g6 23.g4 h5 24.g5 Nfe8 25.Rd7 Nf5 26.Nxf5 Rxc2+ 27.Ke3
gxf5 28.Nxh5 Rxa2 29.R1xd5 Rc3+ 30.Kf4 Rxb3 31.Re5 Ra4+ 32.Kg3 Rg4+ 33.Kf2
Rb2+ 34.Ke3 Rb3+ 35.Rd3 1-0

[Event "Vaxjospelen Gr 3"]
[Site "Vaxjo"]
[Date "2015.06.14"]
[Round "3"]
[White "Ollen, Martin"]
[Black "Gillefalk, Bjorn"]
[Result "0-1"]
[WhiteElo "2038"]
[BlackElo "2114"]

1.Nf3 Nf6 2.g3 d5 3.Bg2 c5 4.O-O Nc6 5.d3 g6 6.Nc3 Bg7 7.Bg5 h6 8.Bxf6 
Bxf6 9.e4 Bxc3 10.exd5 Bxb2 11.dxc6 Bxa1 12.Qxa1 O-O 13.Ne5 Rb8 14.Rb1 Qc7
15.Qb2 b5 16.Bd5 Qd6 17.c4 Bh3 18.c7 Rb6 19.Nxf7 Rxf7 20.Bxf7+ Kxf7 21.Qh8
Qxc7 22.Qxh6 Bf5 23.cxb5 Bxd3 24.Rd1 c4 25.a4 Qe5 26.Qh7+ Kf8 27.Qh4 g5 
28.Qh3 Re6 29.b6 axb6 0-1

[Event "Vaxjospelen Gr 4"]
[Site "Vaxjo"]
[Date "2015.06.14"]
[Round "3"]
[White "Ekelund, Peter"]
[Black "Karlsson, Ulf"]
[Result "1/2-1/2"]
[WhiteElo "2245"]
[BlackElo "2043"]

1.c4 e5 2.Nc3 Nc6 3.g3 f5 4.Bg2 Nf6 5.d3 Bb4 6.Bd2 d6 7.Nf3 O-O 8.O-O Qe8 
9.a3 Bxc3 10.Bxc3 Rb8 11.e3 Qh5 12.c5 Be6 13.cxd6 cxd6 14.Nd2 Qxd1 1/2-1/2